Quizzes
Events
Quiz Creation
Community
Videos
Private Events
Remove Ads
Sign In
Join for FREE
Feedback
Dark Mode
Quiz Categories
Sports
Geography
Music
Movies
Television
Just For Fun
Miscellaneous
History
Literature
Language
Science
Gaming
Entertainment
Religion
Holiday
For Kids
Quiz Lab
Recent
Popular Today
Quiz Kudos Today
Editor Picks
Curator Picks
Quizzes by...
Day
Popularity
Type
Ratings
Length
Year
Community
Subscriptions
Recent Discussions
Orange Saloon
Badges
Playlists
Quests
Create
Leaderboards
Showdown
Live 5
Trivia Bingo
Activity
Puzzle Library
Sporcle Events
Private Events
Virtual Trivia
Globe League
Become a Host
Pub Owners
SporcleCon
Opinionation
Our Games
Videos
Blog
Mobile Apps
Partnerships
Remove Ads and Go Orange
Feedback
Language
Vocabulary
Begins and Ends
Definition
Spanish
French
German
Italian
Chinese
Latin
Translation
Japanese
Language
Vocabulary
Begins and Ends
Definition
Spanish
French
German
Italian
Chinese
Latin
Translation
Japanese
Random Quiz
Search Sporcle
×
Quiz Lab
Quiz Lab
Language
Definition
Type in answers that appear in a list
Type in answers that appear in a list
Classic
Best Score? Go Orange.
Palindromes Stats
Can you name the palindromic words?
By
ryry97
3m
20 Questions
125 Plays
125 Plays
125 Plays
Comments
Comments
Give Quiz Kudos
Give Quiz Kudos
-
- Ratings
hide this ad
Replay
Link that replays current quiz
Next Quiz
Link to next quiz in quiz playlist
You Got
0%
They Got
Avg Score
34%
Avg Friend Score
Upgrade to see
Score Distribution
Jump to the score distribution portion of the page
Score
0/20
Timer
03:00
0
Plays Today
Definition
Palindrome
% Correct
A vehicle used in NASCAR
racecar
88%
Even, flat; a stage or episode
level
65.6%
An enclosed canoe
kayak
63.2%
A heiress or formal address for a woman
madam
46.4%
A tracking device
radar
40.8%
To reapply wallpaper
repaper
37.6%
An exercise in which one rises over a bar (hyph)
pull(-)up
36.8%
A spinning part of a machine
rotor
36%
Former Iranian monarchs
shahs
33.6%
One who runs their engine
revver
32.8%
Definition
Palindrome
% Correct
Having more of a certain color
redder
32%
Religious belief
tenet
26.4%
Of or relating to society
civic
25.6%
To turn to; to look back on
refer
24%
The source of an axis' spin
rotator
24%
Data
stats
20.8%
Perspired
dewed
15.2%
Went home
denned
13.6%
One who heals or helps recover from fatigue
reviver
12.8%
Secret Homicide
murdrum
11.2%
Quiz Playlist
Details
Report
Send in Message
Add To Playlist
Classic:
Type in answers that appear in a list
Last Updated: Feb 16, 2017
Quiz Scoreboard
CHALLENGE
Sign Up to Join the Scoreboard
Show All
Scores
Hide
Comments
May contain spoilers
Recently Published
College Basketball Coaching Resumes
by pancakes188
Sports
9m
Billboard Blitz: Fleetwood Mac
by CooCooCachoo
Music
15s
Presidents Visiting Landmarks
by Hejman
History
7m
More to Explore
Quiz From the Vault
Featured Blog Post
Where Did the Easter Bunny Come From?
hide this ad
You Might Also Like...
Tags
Definition Quiz
palindrome
palindromic
Today's Top Quizzes in Language
Browse Language
hide this ad
Today's Top Quizzes in Definition
Browse Definition
Top Contributed Quizzes in Language
1
1-10 Letter F Words III
2
1-10 Letter G Words III
3
Alphabetize! : 'As' words
4
1-10 Letter H Words III
5
Order Up: Top 10 Most Native Spoken Languages
6
Celtic Nations in their Language
7
One Thing in Common: Italy
8
1-10 Letter I Words III
9
1-10 Letter J Words III
10
Weisst du, aus welchen Sprachen diese Wörter stammen?
Explore More
Trending Topics
Anime
NBA
Harry Potter
Kpop
Crossword
Disney
Marvel
The Office
NFL
Puzzle
Country
Pokémon
WWE
Song
Soccer
hide this ad
More By:
ryry97
Quiz
Plays
Rating
Category
Featured
Created
TV by Numbers II
22,569
3.88
Television
Mar 3, 2012
Three-Letter Past-Tense Verbs
17,348
4.68
Language
Mar 22, 2020
Hypothetical Facebook Posts
3,725
3.72
Miscellaneous
Dec 14, 2014
Something in Common: TV Characters
1,606
4.85
Television
Oct 15, 2021
Rhymes with 'You'
1,458
4.89
Language
Sep 4, 2013
Go to Creator's Profile
Score Distribution
Quiz Creator Spotlight
ryry97
Follow
Send a Message
Quizzes Created
-
Created Quiz Play Count
-
More By This Creator
Popular Quizzes Today
1
Find the US States - No Outlines Minefield
2
Find the Countries of Europe - No Outlines Minefield
3
The Countries of the World
4
Find the US States
5
Risky Map Clicking: Biggest States A-Z
6
US States
7
Popular People in 1961
8
Movies - When Are They Set?
More Language Quizzes
Misspelled Madness II
Published
Trending Quizzes
Risky Map Clicking: Least Populous States A-Z
1-10 Letter G Words
1-10 Letter F Words
Risky Map Clicking: Next State Alphabetically
Risky Map Clicking: Biggest States A-Z
Recently Updated
Leaping Animals
pecheneg
Reality TV Shows (A-Z)
bhenderson79
Rickey Henderson's Hall of Fame Teammates
pecheneg
Champions League XIs: Arsenal
pecheneg
Quick Pick: Celebrities in WWE's Hall of Fame
aduchscher
A-Z Keypad Blitz II
pecheneg
Multiple Oscar Actors
pecheneg
Mystery Phrase Blitz: Oscar 'Best Actors'
pecheneg
F. Scott Fitzgerald Novels
LTH
Pick 3 Villains
ddd62291
Trending Topics
Crossword
NBA
Harry Potter
Kpop
Disney
Marvel
Anime
The Office
Soccer
Country
Puzzle
Pokémon
NFL
WWE
Song
Your Account Isn't Verified!
In order to create a playlist on Sporcle, you need to verify the email address you used during registration. Go to your
Sporcle Settings
to finish the process.
Report this User
Report this user for behavior that violates our
Community Guidelines
.
Details:
Send Report
Go to the Sporcle.com Mobile Site →
Comments